000 00513nam a22001817a 4500
999 _c526290
_d526290
003 NUST
020 _qPBK
038 _aFaiza
082 _a891.42108
_bSHE
100 _aSheikh, Akram
_915687
245 _aPathran wich Akh /
_cAkram Sheikh
260 _aLahore :
_bBhulikha Publishers,
_c2005.
300 _a144 p. ;
880 _6100-01\r
_aاکرم شیخ
880 _6245-02\r
_aپتھراں وچ اکھ /
880 _6260-03\r
_aلاہور :
_bبھلیکھا پبلیشرز,
_c۲۰۰۵.
942 _2ddc
_cBK